Objets de The Legend of Zelda : The Wind Waker - Statistiques

Statistiques générales
  • Ce quiz a été pris 95 fois
  • Le résultat moyen est 36 sur 118
Statistiques - réponses
Stocké dans Localisation Donné par Réponse % Correct
Inventaire Tour des Dieux Coffre Arc du Héros
82%
Sac à Bombe Un peu partout Herbe, Non-Stocké Bombe
79%
Inventaire Temple du Vent Coffre Grappin
77%
Bourse Un peu partout Herbes, Monstres, Coffres, ... Rubis
71%
Carquois Un peu partout Herbes, Monstres Flèche
68%
Inventaire Bois Défendus Coffre Boomerang
65%
Inventaire Ile aux Forêts Vénérable Arbre Mojo Feuille Mojo
64%
Inventaire Mercantîle Coffre Boîte à Images
62%
Inventaire Château d'Hyrule A retirer de son Socle Épée de Légende
62%
Barre de Vie Un peu partout Coffre, donné par des PNJ, ... Fragment de Cœur
61%
Inventaire Ile de l'Aurore Arielle Longue-Vue
61%
Inventaire Ile du Dragon Lion Rouge Baguette du Vent
58%
Inventaire Ile du Dragon, Sous-Marin (Ile de la Bombe), Mercantîle, Boutique de Terry (Ile de la Rocaille) Médolie, Coffre, Mina, Achat Bouteille
58%
Inventaire Caverne du Dragon Médolie Grappin-Griffe
58%
Barre de Vie Un peu partout Herbes, Monstres Cœur
56%
Inventaire Ile Gelée Coffre Bottes de Plomb
55%
Inventaire Temple de la Terre Coffre Bouclier Miroir
55%
Inventaire Ile Géminée Reine des Fées Flèche de feu
53%
Inventaire Ile Géminée Reine des Fées Flèche de glace
53%
Sac à Butin Un peu partout Bokoblin Pendentif du Bonheur
52%
Inventaire Ile de l'Aurore Mémé Bouclier du Héros
50%
Non-Stocké Un peu partout Ramassable et portable par Link Pot
50%
Inventaire Montagne de Feu Coffre Bracelet de Force
48%
Barre de Magie Un peu partout Herbes, Monstres Fiole de Magie
48%
Inventaire, puis laissée sur l'Ile Triangulaire de l'Est Ile aux Forêts Venerable Arbre Mojo Perle de Farore
48%
Inventaire GC : Sous l'eau, à l'île du Poisson, à l'île du Vent, à l'île de la tête de Pierre, à l'île de l'Aurore, au saut de Roc, à l'île Triangulaire du Sud, à l'archipel Ursa Major, et à l'île de la Face Deux.WII U : Ile de Qui-Ca, Ile de la tête de Pierre, Ile de l'Aurore, Vaisseau Fantôme. Sous l'eau, à l'Ile du Poisson, à l'île de la tête de Pierre et du Saut du Roc, Coffre Triforce
48%
Inventaire Tour de Ganon Coffre Flèche de Lumière
47%
Inventaire, puis laissée sur l'Ile Triangulaire du Nord Ile du Dragon Scaff Perle de Din
47%
Flacon Mercantîle, Ile aux Forêts Pharmacien, Dichopsis Potion
47%
Barre de Vie Tous les donjons du jeu avec un Boss Battre un Boss Réceptacle de Cœur
47%
Flacon Ile de l'Aurore Mémé Soupe de Mémé
47%
Inventaire Mercantîle (HD uniquement) Enchères Voile Rapide
47%
Inventaire (Carte) Un peu partout Coffres, données par des PNJ, ... Carte au Trésor
45%
Flacon Toute île avec un point d'eau Point d'eau Eau
45%
Sur Link Ile de l'Aurore Mémé Tunique Verte
45%
Sac à Butin Un peu partout Chuchu Gelée Chuchu
44%
Inventaire, puis laissée sur l'Ile Triangulaire du Sud Ile de l'Aurore Jabu Perle de Nayru
44%
Inventaire Forteresse Maudite Coffre Masse
42%
Flacon Mercantîle, Ile aux Forêts Pharmacien, Dichopsis Potion Rouge
39%
Flacon Mercantîle, Ile aux Forêts Pharmacien, Dichopsis Potion Verte
39%
Inventaire Tous les donjons du jeu, exceptés la Forteresse Maudite Coffre Spécial Clé du Boss
38%
Inventaire Départ / Ile de l'Aurore /' Ilot septentrional des fées Grandes Fées Bourse
36%
Inventaire Bateau Pirate de Tetra Coffre Sac à Butin
36%
Inventaire Tous les donjons du jeu Coffre Boussole
35%
Inventaire Tous les donjons du jeu, sauf la Forteresse Maudite Coffre, nid d'oiseau, derrière une tombe, ... Petite Clé
35%
Flacon Mercantîle, Ile aux Forêts Pharmacien, Dichopsis Potion Bleue
35%
Inventaire Bateau Pirate de Tetra, Îlot Oriental des Fées, Îlot Méridional des Fées Coffre, Grandes Fées Sac de Bombes
35%
Sac à Butin Un peu partout Darknut Blason d'Épéiste
33%
Inventaire Tour des Dieux, Ilot Épineux des Fées, Ilot Occidental des Fées Coffre / Grandes Fées Carquois
33%
Inventaire Tous les donjons du jeu Coffre Carte du Donjon
33%
Inventaire Ile de l'Aurore Orco Épée du Héros
33%
Sac à Butin Un peu partout Bokobaba Graine de Bokobaba
33%
Inventaire Mercantîle Naglagla Armure Magique
32%
Inventaire (Carte) Mercantîle Tingle Carte de Tingle
32%
Sac à Appât Boutique de Terry Achat Fruit Miam Miam
32%
Sac à Butin Un peu partout Condor des Îles, Peahat, Mite Plume d'Or
32%
Inventaire Arrivée à la Forteresse Maudite Tetra Amulette Pirate
30%
Inventaire (Carte) Canonnière, Île de Qui-Ça (GC), Île aux Nichoirs, Vaisseau Fantôme (GC), Serrure de Pierre, Île de l'Aurore (GC), Île de la Tête de Pierre (GC), Île aux Trois Tours (GC) Coffre Carte de la Triforce
30%
Inventaire Mercantîle Autofocus Boîte à Images DX
27%
Sac à Butin Un peu partout Molblins Collier Macabre
27%
Inventaire Ile du Dragon Taf Sac du Facteur
27%
Inventaire Mercantile (WII U uniquement) Tingle Bouteille de Tingle
26%
Inventaire (Carte) Boîte aux Lettres Terry Carte de Terry
26%
Non-Stocké Un peu partout X Coffre au Trésor
26%
Inventaire Boutique de Terry Achat Sac à Appâts
26%
Inventaire (Carte) Sous l'eau, Ile Triangulaire du Nord Coffre Carte des Kalamars
24%
Flacon Ile aux Forêts Capturable Luciole
24%
Inventaire Mercantîle Achat (Naglagla) Voile de Bateau
24%
Inventaire GC : MercantîleWII U : Île de l'Aurore GC : Mrs MaryWII U : Coffre Amulette du Héros
23%
Sac à Appât Boutique de Terry / Rats Achat Appât Universel
23%
Sur Lion Rouge Bateau Pirate de Tetra Coffre Canon
23%
Inventaire (Carte) Carte Marine Poiscom Carte Marine
23%
Sac du Facteur Mercantîle Naglagla, puis achat Fleur de la Ville
23%
Inventaire (Carte) Sous Marin (Tour de l'Envol) Coffre Carte des Tours de Guet
20%
Non-Stocké De nombreuses îles, dont l'île de la Tête de Pierre Soulevable avec les Bracelets de Force Tête de Pierre
20%
Non-Stocké Un peu partout, dont les endroits ayant besoin d'être éclairés X Torche
20%
Inventaire (Carte) Batodrome Coffre Carte des Sous-Marins
18%
Inventaire (Carte) Ile du Losange Coffre Carte du Vaisseau Fantôme
18%
Flacon Ile aux Forêts Point d'eau (intérieur de l'île) Eau de la Forêt
17%
Sac du Facteur Ile de la Bombe, du Poisson ou Géminée, puis Mercantîle Marchand Goron, puis Achat Fleur Marine
17%
Inventaire (Carte) Un peu partout Boîte aux Lettres Super Carte
17%
Non-Stocké De nombreuses îles, dont l'Ile du Dragon Ramassable par Terre Chou Péteur
15%
Sac du Facteur Mercantîle Maggy Lettre de Maggy
15%
Sac du Facteur Ile de la Bombe, du Poisson ou Géminée, puis Mercantîle Marchand Goron, puis Achat Moulin à Vent
15%
Inventaire (Carte) Sous l'eau, Ile de la Face Quatre Coffre Carte des Grandes Fées
14%
Sac du Facteur Ile de la Bombe, du Poisson ou Géminée, puis Mercantîle Marchand Goron, puis Achat Fleur du Sud
12%
Sac du Facteur Mercantîle Agraf Lettre du Molblin
12%
Sac du Facteur Ile du Dragon Médolie Lettre de Père
11%
Inventaire (Carte) Sous l'eau, Batodrome Coffre Carte Marine des Cœurs
9%
Inventaire (Carte) Sous l'eau, Ile aux Trois Tours Coffre Carte Secrète
9%
Non-Stocké Ile aux Forêts Bill les Mains d'Or Figurine Tendo
9%
Boite à Images DX Mercantîle Achat à Autofocus Photo de Légende
9%
Inventaire Mercantîle (GC uniquement) Tingle Poste de Tingle
9%
Sac du Facteur Ile de la Bombe, du Poisson ou Géminée, puis Mercantîle Marchand Goron, puis Achat Statue du Marchand
9%
Ile de Tingle Tous les donjons du jeu, sauf la Forteresse Maudite Coffre Statuette de Tingle
9%
Sac du Facteur Mercantîle Mrs Mary Titre de Propriété de la Villa
9%
Non-Stocké De nombreuses îles, dont l'Ile du Dragon X Boîte aux Lettres
8%
Inventaire (Carte) Sous l'eau, Ile de la Face Une Coffre Carte des Cercles de Lumière
8%
Inventaire (Carte) Sous l'eau, Tour de l'Envol Coffre Carte Insulaire des Cœurs
8%
Sac du Facteur Ile de la Bombe, du Poisson ou Géminée, puis Mercantîle Marchand Goron, puis Achat Drapeau du Croissant
8%
Sac du Facteur Ile de la Bombe, du Poisson ou Géminée, puis Mercantîle Marchand Goron, puis Achat Drapeau du Héros
8%
Sac du Facteur Ile du Dragon Commis de la Poste Lettre à la Mère
8%
Sac du Facteur Ile de la Bombe, du Poisson ou Géminée, puis Mercantîle Marchand Goron, puis Achat Statue du Facteur
8%
Sac du Facteur Ile de la Bombe, du Poisson ou Géminée, puis Mercantîle Marchand Goron, puis Achat Drapeau de la Pêche Miraculeuse
6%
Sac du Facteur Ile de la Bombe, du Poisson ou Géminée, puis Mercantîle Marchand Goron, puis Achat Drapeau des Soldes
6%
Non-Stocké Un peu partout X Interrupteur
5%
Non-Stocké (inutilisable) X Arme de Tetra Sabre de Tetra
5%
Sac du Facteur Ile de la Bombe, du Poisson ou Géminée, puis Mercantîle Marchand Goron, puis Achat Statue Naïade
5%
Sac du Facteur Ile de la Bombe, du Poisson ou Géminée, puis Mercantîle Marchand Goron, puis Achat Statue Ricrâne
5%
Non-Stocké Un peu partout Bokoblin / Bokobaba / Molblin / Darknut / Stalfos / Fantôme de Ganon Armes d'ennemis utilisables
3%
Non-Stocké Emplacement d'un trésor en mer X Colonne de Lumière
3%
Non-Stocké Ile du Dragon puis Temple de la Terre Est gardée par Médolie Lyre de Médolie
3%
Non-Stocké De nombreuses îles végétales (gentilles et méchantes) X Vigne
3%
Non-Stocké Ile aux Forêts, Saut du Roc Bokobaba Buibaba
2%
Non-Stocké Lieu importants et relatifs à la famille royale et à la triforce X Sceau Royal
2%
Non-Stocké Chateau d'Hyrule X Statue de Link
2%
Sac du Facteur Un peu partout Boîte aux Lettres Ticket Flatteur
2%
Sac du Facteur Un peu partout Boîte aux Lettres Ticket de Plein
0%
Aucun quiz correspondant
Distribution des résultats
% des personnes avec chaque résultat
Percentile par nombre de réponses
Votre historique - résultats
Vous n’avez pas pris ce quiz